000
00275nam a2200109Ia 4500
008
200302s9999 xx 000 0 und d
100
_a
Christopher Tadgell
245
_a
The History of Architecture in India
260
_b
Phaidon Perss Ltd.
260
_c
1990
300
_a
336 P.,
999
_c
1517
_d
1517